000 00431nam a2200157 i 4500
001 bg
100 1 _aŚLADERBACH, Z.
245 0 _aOszacowanie wysokości czaszy kulistej w próbie hydraulicznego wytłaczania... /
_cZ. Śladerbach, T. Sawicki.
260 _aWarszawa,
_c1984.
650 9 _aWytłaczanie
700 1 _aSAWICKI, T.
040 _cBPK
041 _apol
942 _cKS
008 s pl f |000 0 pol
999 _c22955
_d22955
856 _uhttp://koha.tu.koszalin.pl/cgi-bin/koha/opac-detail.pl?biblionumber=22955
_yKatalog online BPK